00405nam a2200157Ia 45000010006000000050017000060080041000230410008000640820017000721000045000892450081001342600009002153000007002246500008002316540008002392132120260306172910.0260306t1994||||xx |||||||||||||| ||spa|| aESP a344.526bP84 aPrado Saldarriaga, Víctor RobertoeAUT 0aEl delito de lavado de dinero:bsu tratamiento penal y bancario en el Perú c1994 ac aGEN aCDE